Twentieth-century short story explication ; interpretations, 1900-1966, of short fiction since 1800 /

Bibliographic Details
Main Author: Walker, Warren S.
Format: Book
Language:English
Published: [Hamden, Conn.] : Shoe String Press, 1967.
Edition:2d ed.
Subjects:

MARC

Tag First Indicator Second Indicator Subfields
LEADER 00000cam a22000001 4500
001 in00000034130
005 20151007055216.0
008 740606s1967 ctu i 00010 engd
010 |a  67024192  
035 |a (OCoLC)00359978 
035 |9 AAB7580AM 
040 |a DLC  |c DLC  |d m.c.  |d TXA  |d UtOrBLW 
049 |a TXAM  |c [A11492495] 
050 0 0 |a Z5917.S5  |b W33 
082 0 |a 016.8093/1 
090 |a PN3373  |b .W33 1967 
100 1 |a Walker, Warren S. 
245 1 0 |a Twentieth-century short story explication ;  |b interpretations, 1900-1966, of short fiction since 1800 /  |c Compiled by Warren S. Walker. 
250 |a 2d ed. 
264 1 |a [Hamden, Conn.] :  |b Shoe String Press,  |c 1967. 
300 |a vi, 697 pages ;  |c 22 cm. 
336 |a text  |b txt  |2 rdacontent 
337 |a unmediated  |b n  |2 rdamedia 
338 |a volume  |b nc  |2 rdacarrier 
500 |a Revised edition. 
650 0 |a Short story  |x Indexes. 
740 0 |a 20th century short story explication, 1900-1966. 
999 |a MARS 
999 f f |s 09c37052-c784-3c65-b281-a09d2b2ce5bb  |i bf675d2b-83bd-365b-9ea9-ea4211c83862  |t 0 
952 f f |p ric  |a Texas A&M University  |b Rellis Campus  |c Joint Library Facility  |d Remote Storage  |t 0  |e PN3373 .W33 1967  |h Library of Congress classification  |i unmediated -- volume  |m A14811492495 
998 f f |a PN3373 .W33 1967  |t 0  |l Remote Storage